<?xml version="1.0" encoding="UTF-8"?>
<record
    xmlns:xsi="http://www.w3.org/2001/XMLSchema-instance"
    xsi:schemaLocation="http://www.loc.gov/MARC21/slim http://www.loc.gov/standards/marcxml/schema/MARC21slim.xsd"
    xmlns="http://www.loc.gov/MARC21/slim">

  <leader>00636nam a2200169Ia 4500</leader>
  <controlfield tag="001">6647</controlfield>
  <controlfield tag="008">260622s9999    xx            000 0 und d</controlfield>
  <datafield tag="020" ind1=" " ind2=" ">
    <subfield code="a">9789947859698</subfield>
  </datafield>
  <datafield tag="245" ind1=" " ind2="0">
    <subfield code="a">&#x627;&#x644;&#x634;&#x639;&#x631; &#x645;&#x646; &#x641;&#x644;&#x633;&#x637;&#x64A;&#x646;/ </subfield>
    <subfield code="c">&#x625;&#x646;&#x62C;&#x627;&#x632;: &#x645;&#x631;&#x627;&#x62F; &#x627;&#x644;&#x633;&#x648;&#x62F;&#x627;&#x646;&#x64A;&#x60C; &#x645;&#x62D;&#x645;&#x62F; &#x62D;&#x644;&#x645;&#x64A; &#x627;&#x644;&#x631;&#x64A;&#x634;&#x629;</subfield>
  </datafield>
  <datafield tag="260" ind1=" " ind2=" ">
    <subfield code="a">&#x627;&#x644;&#x62C;&#x632;&#x627;&#x626;&#x631;&#x61B; </subfield>
    <subfield code="b">&#x62C;&#x645;&#x639;&#x64A;&#x629; &#x627;&#x644;&#x628;&#x64A;&#x62A; &#x644;&#x644;&#x62B;&#x642;&#x627;&#x641;&#x629; &#x648; &#x627;&#x644;&#x641;&#x646;&#x648;&#x646;&#x61B; </subfield>
    <subfield code="c">2010</subfield>
  </datafield>
  <datafield tag="300" ind1=" " ind2=" ">
    <subfield code="a">268p; </subfield>
    <subfield code="c">20x13cm</subfield>
  </datafield>
  <datafield tag="520" ind1=" " ind2=" ">
    <subfield code="a">31 poets fro m Palestine, with a short biography and a selection from their work. </subfield>
  </datafield>
  <datafield tag="546" ind1=" " ind2=" ">
    <subfield code="a">Arabic</subfield>
  </datafield>
  <datafield tag="650" ind1=" " ind2=" ">
    <subfield code="a">PN1010-1525 Poetry</subfield>
    <subfield code="9">1039</subfield>
  </datafield>
  <datafield tag="651" ind1=" " ind2=" ">
    <subfield code="a">Levant</subfield>
    <subfield code="z">Palestine &#x641;&#x644;&#x633;&#x637;&#x64A;&#x646;</subfield>
    <subfield code="9">9504</subfield>
  </datafield>
  <datafield tag="942" ind1=" " ind2=" ">
    <subfield code="c">BK</subfield>
  </datafield>
  <datafield tag="999" ind1=" " ind2=" ">
    <subfield code="c">6647</subfield>
    <subfield code="d">6647</subfield>
  </datafield>
  <datafield tag="952" ind1=" " ind2=" ">
    <subfield code="0">0</subfield>
    <subfield code="1">0</subfield>
    <subfield code="4">0</subfield>
    <subfield code="7">0</subfield>
    <subfield code="8">P</subfield>
    <subfield code="a">SAFL</subfield>
    <subfield code="b">SAFL</subfield>
    <subfield code="d">2026-06-22</subfield>
    <subfield code="l">0</subfield>
    <subfield code="o">PN1010-1525 160.419</subfield>
    <subfield code="p">6647</subfield>
    <subfield code="r">2026-06-22</subfield>
    <subfield code="w">2026-06-22</subfield>
    <subfield code="y">BK</subfield>
  </datafield>
</record>
